Normal view
MARC view
Entry Personal Name
001 - CONTROL NUMBER
- control field: 67832
003 - CONTROL NUMBER IDENTIFIER
- control field: dpl
005 - DATE AND TIME OF LATEST TRANSACTION
- control field: 20240627112658.0
008 - FIXED-LENGTH DATA ELEMENTS
- fixed length control field: 240627|| aca||aabn | a|a d
040 ## - CATALOGING SOURCE
- Original cataloging agency: dpl
- Transcribing agency: dpl
100 ## - HEADING--PERSONAL NAME
- Personal name: mass, Wendy
670 ## - SOURCE DATA FOUND
- Source citation: Work cat.: (dpl)203768: mass, Wendy, (Eleventh) 11 Birthdays /, 2016
